[Event "Sant Boi de Llobregat op 4th"]
[Site "Sant Boi de Llobregat"]
[Date "2023.12.06"]
[Round "7"]
[White "Proudian, Armen"]
[Black "Sanal, Vahap"]
[Result "1-0"]
[WhiteElo "2428"]
[BlackElo "2595"]
[PlyCount "139"]
[EventDate "2023.11.30"]
[EventType "swiss"]
[EventRounds "9"]
[EventCountry "ESP"]
[SourceTitle "CB50_2023"]
[SourceDate "2023.12.13"]
[SourceVersion "1"]
[SourceVersionDate "2023.12.13"]
[SourceQuality "1"]

1. e4 c6 2. d4 d5 3. Nc3 dxe4 4. Nxe4 Bf5 5. Ng3 Bg6 6. Nf3 Nd7 7. h4 h6 8. h5 Bh7 9. Bd3 Bxd3 10. Qxd3 e6 11. Bd2 Ngf6 12. 0-0-0 Qc7 13. Kb1 0-0-0 14. c4 c5 15. Qe2 cxd4 16. Nxd4 a6 17. Nb3 Nc5 18. Ba5 Rxd1+ 19. Rxd1 b6 20. Qf3 Nb7 21. Bc3 Bd6 22. Ne4 Be5 23. Bxe5 Qxe5 24. Nd6+ Nxd6 25. Qa8+ Kc7 26. Qxh8 Qe2 27. Rc1 Nxc4 28. Nd2 Qd3+ 29. Ka1 Qxd2 30. Rxc4+ Kd6 31. Qb8+ Ke7 32. Qf4 Qe2 33. Rc7+ Nd7 34. g4 a5 35. a3 Qd1+ 36. Ka2 b5 37. Qc1 Qd5+ 38. Ka1 a4 39. Rc2 Qd4 40. f3 Ne5 41. Rd2 Qb6 42. Qc8 Nxf3 43. Rd7+ Kf6 44. Qf8 Ng5 45. Qe7+ Ke5 46. Rd1 Kf4 47. Qb4+ Kg3 48. Qc3+ Kxg4 49. Qxg7 Kxh5 50. Rh1+ Kg4 51. Qxh6 Qe3 52. Qh4+ Kf5 53. Re1 Qf4 54. Qh1 Kg6 55. Qc6 Qc4 56. Qxc4 bxc4 57. Rc1 f5 58. Rxc4 e5 59. b4 axb3 60. a4 e4 61. a5 e3 62. a6 Ne6 63. a7 e2 64. Rc1 Nc7 65. Re1 f4 66. Rxe2 Kf5 67. Re7 Na8 68. Re8 Nb6 69. Rb8 f3 70. Kb2 1-0

[Event "Niteroi op 3rd"]
[Site "Niteroi"]
[Date "2023.09.09"]
[Round "8"]
[White "Da Silva, Paolo Ghiu M Rego"]
[Black "Proudian, Armen"]
[Result "1/2-1/2"]
[WhiteElo "2154"]
[BlackElo "2431"]
[PlyCount "76"]
[EventDate "2023.09.04"]
[EventType "swiss"]
[EventRounds "9"]
[EventCountry "BRA"]
[SourceTitle "EXT 2024"]
[Source "ChessBase"]
[SourceDate "2023.10.10"]
[SourceVersion "1"]
[SourceVersionDate "2023.10.10"]
[SourceQuality "1"]

1. d4 Nf6 2. c4 e6 3. Nf3 b6 4. g3 Ba6 5. b3 Bb4+ 6. Bd2 Be7 7. Bg2 d5 8. Qc2 0-0 9. 0-0 c5 10. dxc5 bxc5 11. Ne5 Bb7 12. cxd5 exd5 13. Bc3 Nbd7 14. Nd2 Rc8 15. Rfd1 Nxe5 16. Bxe5 Qd7 17. Rac1 Qe6 18. Bb2 Rc7 19. e3 Rd8 20. h3 Rcd7 21. Re1 Ne4 22. Ba3 Qa6 23. Nxe4 dxe4 24. Bb2 Rd2 25. Qb1 Bf6 26. Bf1 Qe6 27. Rc2 Qf5 28. Rxd2 Rxd2 29. Re2 Rxe2 30. Bxe2 Qxh3 31. Bxf6 gxf6 32. Qd1 Qc8 33. Qd6 Kg7 34. Bc4 Qg4 35. Qe7 Qd1+ 36. Kg2 Qf3+ 37. Kg1 Qd1+ 38. Kg2 Qf3+ 1/2-1/2

[Event "Niteroi op 3rd"]
[Site "Niteroi"]
[Date "2023.09.06"]
[Round "4"]
[White "Piccoli, Lucas Fonseca"]
[Black "Proudian, Armen"]
[Result "1/2-1/2"]
[WhiteElo "2220"]
[BlackElo "2431"]
[PlyCount "129"]
[EventDate "2023.09.04"]
[EventType "swiss"]
[EventRounds "9"]
[EventCountry "BRA"]
[SourceTitle "EXT 2024"]
[Source "ChessBase"]
[SourceDate "2023.10.10"]
[SourceVersion "1"]
[SourceVersionDate "2023.10.10"]
[SourceQuality "1"]

1. e4 e5 2. Nf3 Nc6 3. Bc4 Bc5 4. Nc3 Nf6 5. d3 h6 6. 0-0 d6 7. Na4 Bb6 8. a3 0-0 9. h3 Be6 10. Bxe6 fxe6 11. c3 Qe8 12. b4 Ne7 13. c4 Bd4 14. Nxd4 exd4 15. f4 Kh7 16. Bd2 e5 17. c5 b6 18. Nb2 b5 19. a4 a6 20. Qb3 Nc6 21. cxd6 cxd6 22. f5 Qd7 23. Nd1 d5 24. Nf2 Na7 25. axb5 Nxb5 26. exd5 Nxd5 27. Ne4 Ne3 28. Nc5 Qc6 29. Bxe3 dxe3 30. Qe6 Nd4 31. Qxc6 Nxc6 32. Rae1 Nxb4 33. Rxe3 Nc6 34. Nd7 Rfd8 35. Nxe5 Nxe5 36. Rxe5 Rxd3 37. Ra5 Rd6 38. Rfa1 Kg8 39. R1a2 Kf7 40. Kf2 Kf6 41. Kf3 Kg5 42. R2a4 h5 43. f6+ Kxf6 44. Rxh5 Kg6 45. Rha5 Rf8+ 46. Rf4 Rb8 47. Rfa4 Rbb6 48. Kg4 Kf7 49. Rf4+ Kg8 50. h4 Rb5 51. Rfa4 Rg6+ 52. Kf4 Rbb6 53. g4 Rgf6+ 54. Ke4 Rbe6+ 55. Re5 Rb6 56. Rea5 Rfe6+ 57. Kf4 Kh7 58. g5 g6 59. Kg4 Rec6 60. Kf4 Kg7 61. Kg4 Re6 62. Kf4 Kf7 63. Kg4 Ke7 64. h5 gxh5+ 65. Kxh5 1/2-1/2

[Event "Niteroi op 3rd"]
[Site "Niteroi"]
[Date "2023.09.05"]
[Round "3"]
[White "Proudian, Armen"]
[Black "Guimaraes, Wagner Peixoto"]
[Result "1-0"]
[WhiteElo "2431"]
[BlackElo "2173"]
[PlyCount "105"]
[EventDate "2023.09.04"]
[EventType "swiss"]
[EventRounds "9"]
[EventCountry "BRA"]
[SourceTitle "EXT 2024"]
[Source "ChessBase"]
[SourceDate "2023.10.10"]
[SourceVersion "1"]
[SourceVersionDate "2023.10.10"]
[SourceQuality "1"]

1. e4 c5 2. Nf3 d6 3. d4 cxd4 4. Nxd4 Nf6 5. Nc3 a6 6. Be3 Ng4 7. Bg5 h6 8. Bh4 g5 9. Bg3 Bg7 10. h3 Ne5 11. f3 Nbc6 12. Bf2 Nxd4 13. Bxd4 Be6 14. Qd2 Qa5 15. a3 Rc8 16. 0-0-0 Bc4 17. Qf2 Qc7 18. h4 e6 19. hxg5 hxg5 20. Rxh8+ Bxh8 21. Kb1 Bxf1 22. Qxf1 Qa5 23. g3 Ke7 24. f4 gxf4 25. gxf4 Ng6 26. f5 Bxd4 27. fxg6 Bf6 28. Rd5 Qxc3 29. bxc3 exd5 30. gxf7 Kxf7 31. Qf5 Rxc3 32. Qxd5+ Ke7 33. Qxb7+ Kd8 34. Qxa6 Be5 35. Qb6+ Kd7 36. Qb4 Rg3 37. Ka2 Rc3 38. Kb1 Rg3 39. c4 Rg1+ 40. Kc2 Rg2+ 41. Kd1 Rb2 42. Qa4+ Kc7 43. Qa5+ Kd7 44. c5 Rb1+ 45. Kc2 Rb2+ 46. Kc1 Rb7 47. cxd6 Bxd6 48. e5 Rc7+ 49. Kd1 Bc5 50. a4 Kc6 51. Qa8+ Kd7 52. Qd5+ Ke7 53. Ke2 1-0

[Event "Titled Tuesday intern op 16th Aug Late"]
[Site "Chess.com INT"]
[Date "2022.08.16"]
[Round "11"]
[White "Gomez Ledo, Roberto Carlos"]
[Black "Proudian, Armen"]
[Result "0-1"]
[WhiteElo "2458"]
[BlackElo "2431"]
[PlyCount "86"]
[EventDate "2022.08.16"]
[EventType "swiss (blitz)"]
[EventRounds "11"]
[EventCountry "USA"]
[SourceTitle "EXT 2023"]
[Source "ChessBase"]
[SourceDate "2022.10.05"]
[SourceVersion "1"]
[SourceVersionDate "2022.10.05"]
[SourceQuality "1"]

1. d4 Nf6 2. Bf4 e6 3. e3 d5 4. Nd2 Bd6 5. Bg3 b6 6. Bb5+ c6 7. Bd3 Bb7 8. Ngf3 0-0 9. e4 dxe4 10. Nxe4 Be7 11. Qe2 c5 12. dxc5 Nbd7 13. cxb6 Qxb6 14. 0-0 Nxe4 15. Bxe4 Bxe4 16. Qxe4 Qxb2 17. Rab1 Qa3 18. Qb7 Nb6 19. Ne5 Bf6 20. Rfd1 Qxa2 21. c4 Bxe5 22. Bxe5 Qxc4 23. Qf3 Qc2 24. Rb4 Rad8 25. Ra1 Qf5 26. Qxf5 exf5 27. h4 Rd7 28. Bd4 Nd5 29. Rba4 Ra8 30. Rxa7 Raxa7 31. Rxa7 Rxa7 32. Bxa7 g6 33. g3 f4 34. Kg2 fxg3 35. fxg3 f5 36. Bd4 Kf7 37. Kf3 h5 38. Bb2 Ke6 39. Ba1 Nf6 40. Bd4 Nd7 41. Kf4 Kf7 42. Kg5 Nf8 43. Kh6 Ne6 0-1

[Event "Titled Tuesday intern op 16th Aug Early"]
[Site "Chess.com INT"]
[Date "2022.08.16"]
[Round "1"]
[White "Proudian, Armen"]
[Black "Nugumanov, Bakhtiyar"]
[Result "1-0"]
[WhiteElo "2431"]
[BlackElo "2370"]
[PlyCount "89"]
[EventDate "2022.08.16"]
[EventType "swiss (blitz)"]
[EventRounds "11"]
[EventCountry "USA"]
[SourceTitle "EXT 2023"]
[Source "ChessBase"]
[SourceDate "2022.10.05"]
[SourceVersion "1"]
[SourceVersionDate "2022.10.05"]
[SourceQuality "1"]

1. e4 d6 2. d4 Nf6 3. Nc3 g6 4. Be3 a6 5. f3 b5 6. Qd2 Nbd7 7. h4 h5 8. Nh3 Nb6 9. Ng5 Bb7 10. a4 b4 11. Na2 a5 12. b3 Bg7 13. Nc1 Nfd7 14. Nd3 Rc8 15. Nb2 c5 16. Nc4 0-0 17. Nxa5 Ba8 18. Nc4 d5 19. Nxb6 Nxb6 20. e5 Qc7 21. a5 Nd7 22. e6 cxd4 23. Bf4 Ne5 24. exf7+ Kh8 25. Ne6 Qd6 26. Nxg7 Kxg7 27. Qxd4 Kh7 28. Bxe5 Qe6 29. Bd3 Rxf7 30. 0-0 Rcf8 31. Rae1 Qd7 32. a6 Qc6 33. a7 e6 34. Bb8 Qd7 35. Qe5 Qb7 36. Qxh5+ Kg8 37. Bxg6 Rg7 38. Rxe6 Qe7 39. Rxe7 Rxe7 40. Qg5 Rg7 41. h5 Kh8 42. f4 Rf5 43. Qxf5 d4 44. Qf8+ Rg8 45. Qh6# 1-0

[Event "Titled Tuesday intern op 16th Aug Early"]
[Site "Chess.com INT"]
[Date "2022.08.16"]
[Round "11"]
[White "Proudian, Armen"]
[Black "Shukhman, Anna"]
[Result "1/2-1/2"]
[WhiteElo "2431"]
[BlackElo "2144"]
[PlyCount "196"]
[EventDate "2022.08.16"]
[EventType "swiss (blitz)"]
[EventRounds "11"]
[EventCountry "USA"]
[SourceTitle "EXT 2023"]
[Source "ChessBase"]
[SourceDate "2022.10.05"]
[SourceVersion "1"]
[SourceVersionDate "2022.10.05"]
[SourceQuality "1"]

1. e4 c5 2. Nf3 e6 3. d4 cxd4 4. Nxd4 a6 5. Bd3 Bc5 6. Nb3 Ba7 7. 0-0 Nf6 8. e5 Nd5 9. c4 Ne7 10. Nc3 Nbc6 11. Re1 d6 12. exd6 Qxd6 13. Bg5 h6 14. Bh4 e5 15. Qf3 Nd4 16. Nxd4 Bxd4 17. Ne4 Qc6 18. Bxe7 Kxe7 19. Qg3 g5 20. Nc3 Be6 21. Be4 Qxc4 22. Bxb7 Rab8 23. Bf3 Rxb2 24. Ne2 Rd8 25. Nxd4 exd4 26. h4 d3 27. hxg5 d2 28. Red1 Rxa2 29. Rxa2 Qxa2 30. gxh6 Qb2 31. h7 Qf6 32. Be4 a5 33. Qc7+ Rd7 34. Qxa5 Kf8 35. Rxd2 Rxd2 36. Qxd2 Qa1+ 37. Kh2 Qe5+ 38. g3 Kg7 39. Bc2 Bd5 40. h8Q+ Kxh8 41. Qh6+ Kg8 42. Bh7+ Kh8 43. Bf5+ Kg8 44. Qg5+ Kf8 45. Qh6+ Kg8 46. Qh7+ Kf8 47. Kh3 Qe1 48. Qh6+ Ke7 49. Qe3+ Qxe3 50. fxe3 Kf6 51. Kg4 Ke5 52. Kg5 Bb3 53. Bb1 f6+ 54. Kg6 Bc4 55. Bc2 Bd5 56. Bd3 Ba2 57. Kh5 Bb3 58. Kg4 Ba2 59. Kf3 Bb3 60. Ke2 Bd5 61. Kd2 Bf7 62. Be2 Be6 63. Bf3 Bf7 64. Kc3 Be6 65. Kb4 Bf7 66. Kc5 Be6 67. Kc6 Bb3 68. Kc5 Ba2 69. Bg2 Bg8 70. Kb4 Bf7 71. Kc5 Be6 72. Kc6 Bg8 73. Kd7 Ba2 74. Ke7 Bb3 75. Kf8 Ba2 76. Kg7 Bb3 77. Bf3 Ba2 78. Bh5 Bb3 79. Bf7 Bd1 80. Bc4 Bf3 81. Bd3 Bd5 82. Bh7 Bb3 83. Bg8 Bd1 84. Kf8 Bf3 85. Ke7 Bd1 86. Be6 Be2 87. Bb3 Bf3 88. Bc2 Be2 89. Bb1 Bd1 90. Bd3 Bf3 91. Kf7 Bd1 92. Kg6 Bf3 93. e4 Bd1 94. Bb1 Bf3 95. Bc2 Bxe4+ 96. Bxe4 Kxe4 97. Kxf6 Kf3 98. g4 Kxg4 1/2-1/2

[Event "Titled Tuesday intern op 16th Aug Late"]
[Site "Chess.com INT"]
[Date "2022.08.16"]
[Round "10"]
[White "Proudian, Armen"]
[Black "Wiewiora, Eneasz"]
[Result "0-1"]
[WhiteElo "2431"]
[BlackElo "2333"]
[PlyCount "108"]
[EventDate "2022.08.16"]
[EventType "swiss (blitz)"]
[EventRounds "11"]
[EventCountry "USA"]
[SourceTitle "EXT 2023"]
[Source "ChessBase"]
[SourceDate "2022.10.05"]
[SourceVersion "1"]
[SourceVersionDate "2022.10.05"]
[SourceQuality "1"]

1. e4 d6 2. d4 Nf6 3. Nc3 e5 4. Nf3 Nbd7 5. Rg1 g6 6. g4 Bg7 7. g5 Nh5 8. Be3 0-0 9. Be2 Re8 10. Qd2 Nf8 11. 0-0-0 Ne6 12. Nd5 c6 13. Nc3 Qc7 14. d5 Nef4 15. Bc4 c5 16. Ne2 a6 17. Bxf4 Nxf4 18. Nxf4 exf4 19. Qxf4 b5 20. Be2 c4 21. Nd4 c3 22. b3 Qc5 23. Kb1 Bxd4 24. h4 Be5 25. Qc1 Qxf2 26. Bd3 b4 27. Rdf1 Qd2 28. h5 Qxc1+ 29. Kxc1 Bh3 30. Rf3 Bd7 31. Kd1 a5 32. Ke2 a4 33. Ke3 axb3 34. axb3 Rab8 35. Rgf1 Re7 36. hxg6 hxg6 37. Rh1 Kg7 38. Ba6 Rh8 39. Rxh8 Kxh8 40. Kd3 Kg7 41. Kc4 Bg4 42. Rf2 Bg3 43. Rg2 Rxe4+ 44. Kb5 Be2+ 45. Kc6 Bxa6 46. Rxg3 Be2 47. Kxd6 Bd1 48. Kc5 Bxc2 49. d6 Bd1 50. d7 c2 51. d8Q c1Q+ 52. Kb6 Re6+ 53. Kb7 Qc6+ 54. Kb8 Re8 0-1

[Event "Titled Tuesday intern op 16th Aug Late"]
[Site "Chess.com INT"]
[Date "2022.08.16"]
[Round "6"]
[White "Stanisz, Patryk"]
[Black "Proudian, Armen"]
[Result "0-1"]
[WhiteElo "2199"]
[BlackElo "2431"]
[PlyCount "116"]
[EventDate "2022.08.16"]
[EventType "swiss (blitz)"]
[EventRounds "11"]
[EventCountry "USA"]
[SourceTitle "EXT 2023"]
[Source "ChessBase"]
[SourceDate "2022.10.05"]
[SourceVersion "1"]
[SourceVersionDate "2022.10.05"]
[SourceQuality "1"]

1. d4 Nf6 2. c3 d5 3. Nf3 c5 4. Bf4 cxd4 5. cxd4 Nc6 6. e3 Bf5 7. Nc3 e6 8. Bd3 Bxd3 9. Qxd3 Bb4 10. 0-0 Bxc3 11. bxc3 0-0 12. c4 Na5 13. c5 Nc4 14. Ne5 Nxe5 15. Bxe5 Nd7 16. Bd6 Re8 17. Bg3 Rc8 18. Rfb1 b6 19. cxb6 Nxb6 20. Qa6 Qd7 21. h3 Rc4 22. a4 Rxa4 23. Rxa4 Qxa4 24. Qxa4 Nxa4 25. Ra1 Nc3 26. Rxa7 h5 27. Bh4 f6 28. Rc7 Ne4 29. f3 Nd2 30. Bg3 Nc4 31. e4 Rd8 32. exd5 exd5 33. Rb7 Ne3 34. Rb8 Rxb8 35. Bxb8 Nc2 36. Ba7 Kf7 37. Kf2 Ke6 38. Ke2 h4 39. Bc5 Na1 40. Kd3 Nb3 41. Bb4 Kf5 42. Be1 g5 43. g3 hxg3 44. Bxg3 Na5 45. h4 g4 46. fxg4+ Kxg4 47. Bf2 f5 48. Kc3 Nc6 49. Kb3 f4 50. Ka4 Kf3 51. Be1 Nxd4 52. h5 Nf5 53. Kb5 Ke2 54. Bb4 f3 55. h6 Nxh6 56. Bc5 Nf5 57. Kc6 d4 58. Kd5 f2 0-1

[Event "Titled Tuesday intern op 31st May Late"]
[Site "Chess.com INT"]
[Date "2022.05.31"]
[Round "11"]
[White "Proudian, Armen"]
[Black "Bryakin, Mikhail"]
[Result "0-1"]
[WhiteElo "2418"]
[BlackElo "2456"]
[PlyCount "122"]
[EventDate "2022.05.31"]
[EventType "swiss (blitz)"]
[EventRounds "11"]
[EventCountry "USA"]
[SourceTitle "CBM 208 Extra"]
[Source "ChessBase"]
[SourceDate "2022.07.31"]
[SourceVersion "1"]
[SourceVersionDate "2022.07.31"]
[SourceQuality "1"]

1. e4 e6 2. d4 d5 3. exd5 exd5 4. Bd3 Bd6 5. Qf3 Ne7 6. Ne2 Be6 7. Bf4 Nbc6 8. c3 Qd7 9. h3 0-0-0 10. Nd2 h6 11. 0-0 g5 12. Bxd6 Qxd6 13. b4 Rdg8 14. Qg3 Qxg3 15. Nxg3 Kd7 16. b5 Nd8 17. a4 f6 18. a5 Nf7 19. Nb3 b6 20. axb6 axb6 21. Ra7 Nd6 22. Rfa1 f5 23. Nh5 Rf8 24. Re1 Rf7 25. f3 f4 26. Nc5+ bxc5 27. dxc5 Ndc8 28. Ra2 Bf5 29. Bf1 Bg6 30. g4 fxg3 31. Nxg3 Nf5 32. Nxf5 Bxf5 33. Rd2 Ne7 34. c4 c6 35. cxd5 Nxd5 36. Bc4 Rd8 37. Bxd5 cxd5 38. Rxd5+ Kc8 39. Rxd8+ Kxd8 40. Kg2 Re7 41. Rxe7 Kxe7 42. Kg3 h5 43. h4 g4 44. fxg4 hxg4 45. h5 Kd7 46. h6 Kc7 47. Kf4 Kb7 48. Kxf5 g3 49. h7 g2 50. h8Q g1Q 51. Qh7+ Kb8 52. Qh8+ Kb7 53. Qe5 Qf1+ 54. Ke6 Qxb5 55. Qd5+ Kc8 56. Qd6 Qc4+ 57. Ke5 Qc3+ 58. Kd5 Qg3 59. Kc6 Qf3+ 60. Kb6 Qb3+ 61. Kc6 Qb7# 0-1

[Event "Titled Tuesday intern op 31st May Late"]
[Site "Chess.com INT"]
[Date "2022.05.31"]
[Round "10"]
[White "Trost, Edvin"]
[Black "Proudian, Armen"]
[Result "1-0"]
[WhiteElo "2366"]
[BlackElo "2418"]
[PlyCount "99"]
[EventDate "2022.05.31"]
[EventType "swiss (blitz)"]
[EventRounds "11"]
[EventCountry "USA"]
[SourceTitle "CBM 208 Extra"]
[Source "ChessBase"]
[SourceDate "2022.07.31"]
[SourceVersion "1"]
[SourceVersionDate "2022.07.31"]
[SourceQuality "1"]

1. d4 Nf6 2. c4 e6 3. Nc3 Bb4 4. e3 b6 5. Bd3 Bb7 6. Nf3 0-0 7. 0-0 d5 8. cxd5 exd5 9. Ne5 c5 10. a3 Bxc3 11. bxc3 c4 12. Bc2 Nc6 13. f4 Qc7 14. Rf3 Ne4 15. Rh3 g6 16. Qe1 f5 17. Bxe4 fxe4 18. Nxc6 Bxc6 19. g4 b5 20. Ra2 Rf7 21. Rg2 a5 22. Rh6 Rg7 23. h4 Rb8 24. h5 b4 25. hxg6 Rxg6 26. Rxg6+ hxg6 27. axb4 axb4 28. cxb4 Ra8 29. Bd2 Ra2 30. Rh2 Qg7 31. Qh4 g5 32. Qg3 Ra1+ 33. Kf2 gxf4 34. Qxf4 Be8 35. Rh6 Bg6 36. g5 Qf7 37. Rh4 Qxf4+ 38. Rxf4 Rb1 39. Rf6 Kg7 40. Rd6 Bf7 41. g6 Bg8 42. Ke2 Rb2 43. Kd1 Rb1+ 44. Kc2 Rb3 45. Kc1 Kh6 46. Be1 Kg7 47. Bg3 Rxe3 48. Be5+ Kh6 49. Bf4+ Kg7 50. Bxe3 1-0

[Event "Titled Tuesday intern op 17th May Late"]
[Site "Chess.com INT"]
[Date "2022.05.17"]
[Round "6"]
[White "Itkis, Boris"]
[Black "Proudian, Armen"]
[Result "0-1"]
[WhiteElo "2345"]
[BlackElo "2418"]
[PlyCount "42"]
[EventDate "2022.05.17"]
[EventType "swiss (blitz)"]
[EventRounds "11"]
[EventCountry "USA"]
[SourceTitle "CBM 208 Extra"]
[Source "ChessBase"]
[SourceDate "2022.07.31"]
[SourceVersion "1"]
[SourceVersionDate "2022.07.31"]
[SourceQuality "1"]

1. c4 b6 2. d4 Bb7 3. d5 e6 4. a3 exd5 5. cxd5 Nf6 6. Nc3 Bd6 7. e4 Be5 8. Bd3 0-0 9. Nge2 c6 10. 0-0 cxd5 11. exd5 Na6 12. Bf4 Re8 13. Re1 Nc5 14. Bc2 d6 15. b4 Ncd7 16. Bg3 Rc8 17. Qd3 g6 18. Rab1 a6 19. Nd1 Nxd5 20. Ne3 Nxe3 21. Qxe3 Bxg3 0-1

[Event "Titled Tuesday intern op 17th May Late"]
[Site "Chess.com INT"]
[Date "2022.05.17"]
[Round "9"]
[White "Matinian, Nikita"]
[Black "Proudian, Armen"]
[Result "0-1"]
[WhiteElo "2435"]
[BlackElo "2418"]
[PlyCount "78"]
[EventDate "2022.05.17"]
[EventType "swiss (blitz)"]
[EventRounds "11"]
[EventCountry "USA"]
[SourceTitle "CBM 208 Extra"]
[Source "ChessBase"]
[SourceDate "2022.07.31"]
[SourceVersion "1"]
[SourceVersionDate "2022.07.31"]
[SourceQuality "1"]

1. e4 e5 2. Nf3 Nc6 3. Bb5 a6 4. Ba4 Nf6 5. 0-0 Be7 6. Re1 b5 7. Bb3 0-0 8. a4 b4 9. d3 d6 10. a5 Be6 11. Nbd2 Rb8 12. Nc4 Nd7 13. Be3 Qc8 14. Ba4 Bxc4 15. dxc4 Nd8 16. Bxd7 Qxd7 17. Nxe5 Qe6 18. Nf3 Qxc4 19. b3 Qc6 20. Nd4 Qd7 21. Nf5 Bf6 22. Bd4 Bxd4 23. Qxd4 Ne6 24. Qd3 Rb5 25. Qg3 g6 26. Rad1 Rxa5 27. Rd5 Ra2 28. Ne3 Qe7 29. h4 Ng7 30. h5 Qxe4 31. h6 Ne6 32. Rd2 Re8 33. f3 Qf4 34. Qh3 Ng5 35. Qd7 Nxf3+ 36. gxf3 Qg3+ 37. Kf1 Qxf3+ 38. Rf2 Qh3+ 39. Kg1 Qxd7 0-1

[Event "Titled Tuesday intern op 17th May Late"]
[Site "Chess.com INT"]
[Date "2022.05.17"]
[Round "10"]
[White "Proudian, Armen"]
[Black "Tristan, Leonardo"]
[Result "0-1"]
[WhiteElo "2418"]
[BlackElo "2548"]
[PlyCount "92"]
[EventDate "2022.05.17"]
[EventType "swiss (blitz)"]
[EventRounds "11"]
[EventCountry "USA"]
[SourceTitle "CBM 208 Extra"]
[Source "ChessBase"]
[SourceDate "2022.07.31"]
[SourceVersion "1"]
[SourceVersionDate "2022.07.31"]
[SourceQuality "1"]

1. e4 d5 2. exd5 Qxd5 3. Nc3 Qa5 4. Bc4 Nf6 5. d4 Bg4 6. Nge2 Nc6 7. f3 Bf5 8. 0-0 0-0-0 9. Kh1 e5 10. Bxf7 exd4 11. Ne4 Nxe4 12. fxe4 Bxe4 13. Ng3 Bd5 14. Qg4+ Kb8 15. Bg5 Ne5 16. Qh4 Rc8 17. Bxd5 Qxd5 18. Rad1 Bc5 19. Qe4 Qxe4 20. Nxe4 Bb6 21. Be7 Rhe8 22. Bc5 Nc4 23. Rxd4 Ne3 24. Rf3 Nxc2 25. Bxb6 Nxd4 26. Bxd4 Rxe4 27. Bf2 Rce8 28. h3 g6 29. Rf7 R4e7 30. Rf6 b6 31. Bd4 Kb7 32. Bc3 Re6 33. Rf7 R8e7 34. Rf8 Re2 35. Kh2 c5 36. Rf4 Kc6 37. a4 a6 38. a5 b5 39. Rf6+ R2e6 40. Rf8 b4 41. Bf6 Rd7 42. Rc8+ Kb5 43. Bd8 Re8 44. Rb8+ Kc4 45. Bc7 Rxb8 46. Bxb8 Kb3 0-1

[Event "American Continental 16th"]
[Site "San Salvador"]
[Date "2022.05.06"]
[Round "6"]
[White "Do Valle Cardoso, Lucas"]
[Black "Proudian, Armen"]
[Result "0-1"]
[WhiteElo "2242"]
[BlackElo "2418"]
[PlyCount "53"]
[EventDate "2022.05.02"]
[EventType "swiss"]
[EventRounds "11"]
[EventCountry "ESA"]
[SourceTitle "CBM 208 Extra"]
[Source "ChessBase"]
[SourceDate "2022.07.31"]
[SourceVersion "1"]
[SourceVersionDate "2022.07.31"]
[SourceQuality "1"]

1. e4 e5 2. Nf3 Nc6 3. d4 exd4 4. Bc4 Nf6 5. e5 d5 6. Bb5 Ne4 7. Nxd4 Bd7 8. Bxc6 bxc6 9. 0-0 Bc5 10. f3 Ng5 11. f4 Ne4 12. Be3 Bb6 13. Nd2 Nxd2 14. Qxd2 c5 15. Nf3 d4 16. Bf2 Bc6 17. Bh4 Qd5 18. f5 Kd7 19. c4 Qxc4 20. e6+ Kc8 21. Ne5 Qd5 22. Nxf7 c4 23. Qg5 Rf8 24. Qxg7 Kb7 25. Nh6 d3+ 26. Bf2 Rf6 27. Bxb6 0-1

[Event "American Continental 16th"]
[Site "San Salvador"]
[Date "2022.05.06"]
[Round "7"]
[White "Proudian, Armen"]
[Black "Giron, Jorge Ernesto"]
[Result "1/2-1/2"]
[WhiteElo "2418"]
[BlackElo "2257"]
[PlyCount "136"]
[EventDate "2022.05.02"]
[EventType "swiss"]
[EventRounds "11"]
[EventCountry "ESA"]
[SourceTitle "CBM 208 Extra"]
[Source "ChessBase"]
[SourceDate "2022.07.31"]
[SourceVersion "1"]
[SourceVersionDate "2022.07.31"]
[SourceQuality "1"]

1. e4 c5 2. Nf3 Nc6 3. d4 cxd4 4. Nxd4 g6 5. c4 Bg7 6. Be3 Nf6 7. Nc3 Ng4 8. Qxg4 Nxd4 9. Qd1 Nc6 10. Be2 Bxc3+ 11. bxc3 Qa5 12. Qd2 d6 13. Rb1 Qc7 14. c5 dxc5 15. Bxc5 0-0 16. 0-0 Na5 17. Qg5 Re8 18. Bb5 Bd7 19. Bxe7 h6 20. Qh4 Bxb5 21. Bf6 Qc6 22. Rxb5 Rxe4 23. Qxh6 Qxf6 24. Rxa5 Qxc3 25. Rd5 Qc4 26. Qd2 Re2 27. Rd8+ Rxd8 28. Qxd8+ Kg7 29. a3 Qc3 30. g3 Ra2 31. Qb8 Rxa3 32. Qxb7 a5 33. h4 Qe5 34. Rd1 Ra1 35. Rxa1 Qxa1+ 36. Kg2 Qd4 37. h5 gxh5 38. Qb5 a4 39. Qg5+ Kf8 40. Qxh5 Ke7 41. Qg5+ f6 42. Qa5 Qc4 43. Kh2 Ke6 44. Qb6+ Kf5 45. Qe3 Qe4 46. Qc3 Kg6 47. Qa3 Qd4 48. Qf3 Kg5 49. Kg2 f5 50. Qa3 Kg6 51. Qf8 Qd5+ 52. Kh2 Qf7 53. Qa3 Qd7 54. Qf8 Kg5 55. Qb4 Kf6 56. Qc3+ Ke6 57. Qc4+ Ke7 58. Qc5+ Kf6 59. Qc3+ Kg6 60. Qb4 Qc6 61. Qf8 Qe6 62. Qb4 Qe4 63. Qc3 Kh5 64. Qa3 Kg5 65. Qc3 Kg4 66. f3+ Qxf3 67. Qg7+ Kh5 68. Qh7+ Kg5 1/2-1/2

[Event "Titled Tuesday intern op 26th Apr Late"]
[Site "Chess.com INT"]
[Date "2022.04.26"]
[Round "4"]
[White "Proudian, Armen"]
[Black "Chuersakul, Sarocha"]
[Result "0-1"]
[WhiteElo "2418"]
[BlackElo "1628"]
[PlyCount "144"]
[EventDate "2022.04.26"]
[EventType "swiss (blitz)"]
[EventRounds "11"]
[EventCountry "USA"]
[SourceTitle "CBM 208 Extra"]
[Source "ChessBase"]
[SourceDate "2022.07.31"]
[SourceVersion "1"]
[SourceVersionDate "2022.07.31"]
[SourceQuality "1"]

1. e4 g6 2. d4 Bg7 3. Nc3 a6 4. Be3 b5 5. Nf3 d6 6. a4 b4 7. Na2 a5 8. c3 bxc3 9. Nxc3 Nd7 10. Bb5 Bb7 11. h4 h5 12. Ng5 Ngf6 13. f3 0-0 14. Rc1 c6 15. Be2 Ba6 16. g4 Bxe2 17. Qxe2 Rb8 18. gxh5 Nxh5 19. Rg1 Qb6 20. d5 Qxb2 21. Qxb2 Rxb2 22. dxc6 Ne5 23. Nd5 Nd3+ 24. Kd1 Nxc1 25. Bxc1 Rb3 26. Nxe7+ Kh8 27. c7 Rc3 28. c8Q Rcxc8 29. Nxc8 Rxc8 30. Nxf7+ Kg8 31. Nxd6 Rd8 32. Rxg6 Kh7 33. Re6 Bf8 34. e5 Ng7 35. Rf6 Nh5 36. Rf7+ Kg8 37. Rf5 Bxd6 38. exd6 Rxd6+ 39. Kc2 Nf6 40. Rxa5 Rd4 41. Bg5 Nd5 42. Ra8+ Kf7 43. a5 Ra4 44. Kb3 Rb4+ 45. Ka3 Rb1 46. Ra7+ Kg6 47. Bd2 Rd1 48. Bb4 Ra1+ 49. Kb3 Rb1+ 50. Kc4 Nxb4 51. Ra6+ Nxa6 52. f4 Kf5 53. h5 Kxf4 54. h6 Rh1 55. Kb5 Rxh6 56. Kc4 Ke5 57. Kb5 Rf6 58. Kc4 Kd6 59. Kb5 Kc7 60. Kc4 Rc6+ 61. Kb5 Kb7 62. Ka4 Rc5 63. Kb3 Kc6 64. Ka4 Rc4+ 65. Kb3 Kb5 66. Ka3 Ra4+ 67. Kb3 Rxa5 68. Kb2 Ra4 69. Kb1 Kc4 70. Kb2 Nb4 71. Kb1 Kc3 72. Kc1 Ra1# 0-1